The X Factor: Leon Jackson Quiz Stats

 Plays Quiz not verified by Sporcle

Support Sporcle.
Go Orange.
Score 0/14 Timer 03:00
0 Plays Today
Week Song % Correct
Week 2Home
72.7%
FinalWhen You Believe
72.7%
Week 1Can't Buy Me Love
63.6%
Week 3Fly Me to the Moon
54.5%
Week 4Dancing in the Moonlight
54.5%
Week 6You Don't Know Me
54.5%
FinalYou Don't Know Me
54.5%
Week Song % Correct
FinalBetter the Devil You Know [duet with Kylie Minogue]
54.5%
Week 5Relight My Fire
45.5%
Week 7Crazy Little Thing Called Love
36.4%
Week 7The Long and Winding Road
36.4%
Week 8How Sweet It Is (To Be Loved by You)
36.4%
Week 8The Very Thought of You
36.4%
FinalWhite Christmas
36.4%

You're not logged in!

Compare scores with friends on all Sporcle quizzes.
OR
Log In

From the Vault

Close-Up 'J' Images

by Chenchilla

Just a little bit closer...
Remove Ads.
Support Sporcle.
Get the best of Sporcle when you Go Orange. This ad-free experience offers more features, more stats, and more fun while also helping to support Sporcle. Thank you for becoming a member.

Show Comments

Extras

Top Quizzes Today


Score Distribution

Your Account Isn't Verified!

In order to create a playlist on Sporcle, you need to verify the email address you used during registration. Go to your Sporcle Settings to finish the process.

Report this User

Report this user for behavior that violates our Community Guidelines.

Details: